VI Mostra de Talentos do TCU : (Record no. 1374)
[ view plain ]
| 000 -LÍDER | |
|---|---|
| Campo Fixo de Controle | 00808nam a2200217 a 4500 |
| 001 - NÚMERO DE CONTROLE | |
| Campo de Controle | 1374 |
| 003 - IDENTIFICAÇÃO DO NÚMERO DE CONTROLE | |
| Campo de Controle | BR-CuiBMT |
| 005 - DATA E HORA DA ÚLTIMA ATUALIZAÇÃO | |
| Campo de Controle | 20231217152643.0 |
| 008 - DADOS FIXOS | |
| Dados Fixos | 231206s2007 dfb f00| m por d |
| 040 ## - AGÊNCIA CATALOGADORA | |
| Código da Agência Catalogadora | BR-CuiBMT |
| Agência que transcreveu o registro | BR-CuiBMT |
| 080 ## - Nº DA CLASSIFICAÇÃO DECIMAL UNIVERSAL | |
| Nº Class. CDU | 82-82 |
| Subd. Auxiliar Comum | (81) |
| -- | (062) |
| Nº edição CDU | 2007 |
| 090 ## - NÚMERO DE CHAMADA | |
| Nº classificação | 82-82(81)(062) |
| Cutter | M916v |
| 111 2# - ENTRADA PRINCIPAL -- EVENTO | |
| Nome do evento ou lugar | Mostra de talentos do TCU |
| Número da parte/seção do evento | (6. : |
| Data da realização do evento | 2007 : |
| Local de realização do evento | Brasília, DF) |
| 245 10 - TÍTULO PRINCIPAL | |
| Título principal | VI Mostra de Talentos do TCU : |
| Subtítulo | coletânea de contos e crônicas, poesias, ensaios literários e romances / |
| Indicação de responsabilidade | TCU. |
| 246 32 - FORMAS VARIANTES DO TÍTULO | |
| Título principal | Sexta Mostra de Talentos do TCU |
| 260 ## - PUBLICAÇÃO, DISTRIBUIÇÃO, ETC. | |
| Local de publicação | Brasília : |
| Editora | TCU, Espaço Cultural Marcantonio Vilaça, |
| Data | 2007. |
| 300 ## - DESCRIÇÃO FÍSICA | |
| N. páginas ou volumes | 276 p. ; |
| Dimensões | 21 cm |
| 650 ## - ASSUNTO TÓPICO | |
| Cabeçalho tópico ou nome geográfico | Coletânea literária |
| Subdivisão geral | Eventos |
| Subdivisão geográfica | Brasil |
| 650 ## - ASSUNTO TÓPICO | |
| Cabeçalho tópico ou nome geográfico | Coletânea literária |
| Subdivisão geral | Tribunais de contas |
| -- | Eventos |
| Subdivisão geográfica | Brasil |
| 942 ## - ELEMENTOS DE ENTRADA ADICIONAIS (KOHA) | |
| Fonte de classificação ou esquema de arquivamento | Classificação Decimal Universal |
| Tipo de item do Koha | Livros |
| Estado: removido | Estado: perdido | Fonte de classificação ou esquema de arquivamento | Estado: danificado | Indisponível para empréstimo | Localização permanente | Localização atual | Data de aquisição | Total Checkouts | Número de Chamada completo | Código de barras | Date last seen | Número do exemplar | Preço efetivo a partir de | Tipo de item (Koha) |
|---|---|---|---|---|---|---|---|---|---|---|---|---|---|---|
| Classificação Decimal Universal | Biblioteca da Escola Superior de Contas do TCE/MT | Biblioteca da Escola Superior de Contas do TCE/MT | 06/12/2023 | 82-82(81)(062) M916v | BIBTCEMT23120254 | 06/12/2023 | Ex. 1 | 06/12/2023 | Livros |